Consider Yourself Lyrics - Statistics

General Stats
  • This quiz has been taken 32 times
  • The average score is 15 of 22
Answer Stats
Lyrics % Correct
Consider yourself at {home}
100%
Consider yourself one of the {family}
92%
Consider yourself part of the {furniture}
92%
We're going to get {along}
92%
It's {clear}
88%
We've taken to you so {strong}
88%
Consider yourself our {mate}
83%
There's a cup of {tea} for all
83%
There isn't a lot to {spare}
75%
Consider yourself {one of us}
71%
Then the {drinks} are on thee house
71%
When the {landlord} comes to call
71%
For after some {consideration} we can state
67%
Who cares? Whatever we've got we {share}
67%
Consider yourself {well in}
63%
We don't want to have {no fuss}
63%
Only it's wise to be handy with a {rolling pin}
54%
{Nobody} tries to be lah-di-dah or uppity
42%
Why {grouse}?
42%
Always a chance to meet somebody to {foot the bill}
33%
Empty {larder days}
33%
If it should chance we'd see some {harder days}
25%
No matching quizzes found
Score Distribution
Percent of People with Each Score
Percentile by Number Answered
Your Score History
You have not taken this quiz